| 000 | 00861nam a22002777a 4500 | ||
|---|---|---|---|
| 003 | CHAP | ||
| 005 | 20220329134127.0 | ||
| 008 | 971013s1963 r 00010 d | ||
| 010 | _a15804 | ||
| 011 | _a16776 | ||
| 035 | _a20858 | ||
| 040 | _cCHAP | ||
| 082 |
_a330.98 _bH57Y |
||
| 100 | 0 | 0 |
_aHirschman, Albert O. _955578 |
| 245 | _aControversia sobre Latino-América | ||
| 260 |
_aBuenos Aires : _bInstituto Torcuato Di Tella, _c1963 |
||
| 300 | _a288 p. | ||
| 590 |
_aBATCH-UPD _b10 _c20130110 _lUCH01 _h2044 |
||
| 590 |
_aBATCH-UPD _b10 _c20130410 _lUCH01 _h1358 |
||
| 590 |
_aCONVERSION _b10 _c20130109 _lUCH01 _h1310 |
||
| 650 | 1 | 4 |
_aAmerica Latina _xCondiciones economicas. _95390 |
| 650 | 1 | 4 |
_aAmerica Latina _xRelaciones exteriores _xE.U.A. _95407 |
| 901 | _aBK | ||
| 942 | _cLIBRO | ||
| 949 |
_a330.98 H57Y _bBC _cLIBRO _d33724000330593 _eLIBRO _i20858 _mD _si |
||
| 999 |
_c15804 _d15804 |
||